Invader ZIM characters Quiz Stats

 Plays Quiz not verified by Sporcle

Challenge
Share
Tweet
Embed
Score 0/13 Timer 03:00
0 Plays Today
Info Characters % Correct
RobotsGIR
97.6%
HumansDib
95.5%
HumansGaz
92.7%
Irken InvadersInvader ZIM
89.8%
IrkensTak
78.5%
HumansMs. Bitters
73.2%
IrkensAlmighty Tallest Red
71.9%
IrkensAlmighty Tallest Purple
71.7%
HumansProfessor Membrane
70.3%
HumansKeef
68.8%
RobotsMiMi
46.5%
Irken InvadersInvader Skoodge
44.6%
RobotsMinimoose
25.2%

You're not logged in!

Compare scores with friends on all Sporcle quizzes.
OR
Log In

You Might Also Like...

Show Comments

Extras

Created Jul 16, 2010SourceReportNominate
Tags:character, invader, zim

Top Quizzes Today


Score Distribution

Your Account Isn't Verified!

In order to create a playlist on Sporcle, you need to verify the email address you used during registration. Go to your Sporcle Settings to finish the process.

Report this User

Report this user for behavior that violates our Community Guidelines.

Details: